| 000 | 01207nam a22003617a 4500 | ||
|---|---|---|---|
| 003 | CHAP | ||
| 005 | 20220817041740.0 | ||
| 008 | 971013s1992 us r 00010 eng d | ||
| 010 | _a23226 | ||
| 011 | _a24198 | ||
| 035 | _a28297 | ||
| 040 | _cCHAP | ||
| 082 | 0 | 4 |
_a595.7 _bG6 |
| 100 | 0 | 0 |
_aGoodenough, J. L. _eed. _949564 |
| 245 | 1 | _aBasics of insect modeling | |
| 260 |
_aSt. Joseph, Mich. : _bAmerican Society of Agricultural Engineers, _c1992 |
||
| 300 | _a221 p. | ||
| 490 |
_aASAE. Monograph _v; 10 |
||
| 590 |
_aBATCH-UPD _b10 _c20130110 _lUCH01 _h0314 |
||
| 590 |
_aBATCH-UPD _b10 _c20130110 _lUCH01 _h1810 |
||
| 590 |
_aBATCH-UPD _b10 _c20130409 _lUCH01 _h2347 |
||
| 590 |
_aBATCH-UPD _b10 _c20130410 _lUCH01 _h1444 |
||
| 590 |
_aBATCH-UPD _b10 _c20130914 _lUCH01 _h0416 |
||
| 590 |
_aCONVERSION _b10 _c20130109 _lUCH01 _h1314 |
||
| 650 | 1 | 4 |
_aEntomología _xModelos matemáticos. _937134 |
| 650 | 1 | 4 |
_aInsectos. _958888 |
| 650 | 1 | 4 |
_aProcesamiento automático de datos en entomolología. _991775 |
| 700 | 0 |
_aMckinion, J. M. _eed. _973649 |
|
| 830 | 0 |
_aASAE monograph _v; 10 |
|
| 901 | _aBK | ||
| 942 | _cLIBRO | ||
| 949 |
_a595.7 G6 _bBC _cLIBRO _d33724000348694 _eLIBRO _gI.174067 _h87666 _i28297 _si _t166.11 |
||
| 999 |
_c23226 _d23226 |
||